|
|
|
|
| LEADER |
00000nam2a2200000 4500 |
| 001 |
78169 |
| 005 |
20231031093731.0 |
| 010 |
|
|
|a 5922100432
|
| 035 |
|
|
|a (RuTPU)RU\TPU\book\83780
|
| 090 |
|
|
|a 78169
|
| 100 |
|
|
|a 20050611d2004 k y0rusy50 ca
|
| 101 |
0 |
|
|a rus
|
| 102 |
|
|
|a RU
|
| 105 |
|
|
|a y z 001zy
|
| 200 |
0 |
|
|a Вып. 13
|f под ред. О. Б. Лупанова
|
| 210 |
|
|
|d 2004
|
| 215 |
|
|
|a 303 с.
|
| 320 |
|
|
|a Библиография в конце статей
|
| 330 |
|
|
|a Сборник продолжает (с 1988 г.) математическую направленность всемирно известной серии «Проблемы кибернетики». Представленные в выпуске работы охватывают широкий спектр проблем дискретной математики, математической логики, сложности и надежности управляющих систем, криптографии, теории распознавания.
|
| 461 |
|
1 |
|0 (RuTPU)RU\TPU\book\70650
|t Математические вопросы кибернетики
|o сборник статей
|v Вып. 13
|d 1988-
|
| 610 |
1 |
|
|a кибернетика
|
| 610 |
1 |
|
|a математические основы
|
| 610 |
1 |
|
|a обучаемые алгоритмы
|
| 610 |
1 |
|
|a качество
|
| 610 |
1 |
|
|a оценка
|
| 610 |
1 |
|
|a трехзначная логика
|
| 610 |
1 |
|
|a усложненные последовательности
|
| 610 |
1 |
|
|a управляющие системы
|
| 610 |
1 |
|
|a сложность
|
| 610 |
1 |
|
|a надежность
|
| 610 |
1 |
|
|a распознавание
|
| 610 |
1 |
|
|a криптография
|
| 610 |
1 |
|
|a комбинаторные задачи
|
| 675 |
|
|
|a 681.5:51
|v 3
|
| 702 |
|
1 |
|a Лупанов
|b О. Б.
|4 340
|
| 801 |
|
1 |
|a RU
|b 63413507
|c 20050611
|g PSBO
|
| 801 |
|
2 |
|a RU
|b 63413507
|c 20140327
|g PSBO
|
| 942 |
|
|
|c BK
|